<?xml version="1.0" encoding="UTF-8"?>
<collection xmlns="http://www.loc.gov/MARC21/slim">
 <record>
  <leader>00934pamaa2200241   4500</leader>
  <controlfield tag="001">0000053873</controlfield>
  <controlfield tag="005">20160729090000.0</controlfield>
  <controlfield tag="008">160729s2015                             eng</controlfield>
  <datafield tag="020" ind1="0" ind2="0">
   <subfield code="a">9780198347002 (CD-ROM) </subfield>
  </datafield>
  <datafield tag="082" ind1=" " ind2=" ">
   <subfield code="a">658 JOY 2015</subfield>
  </datafield>
  <datafield tag="090" ind1="0" ind2="0">
   <subfield code="a">HF1106 </subfield>
   <subfield code="b">JOY 2015</subfield>
  </datafield>
  <datafield tag="100" ind1="1" ind2="0">
   <subfield code="a">Joyce, Peter </subfield>
  </datafield>
  <datafield tag="245" ind1="1" ind2="0">
   <subfield code="a">Business for Cambridge International AS and A Level [</subfield>
   <subfield code="m">CD-ROM]  </subfield>
   <subfield code="c">Peter Joyce, Sandra Harrison and David Milner.</subfield>
  </datafield>
  <datafield tag="260" ind1="0" ind2="0">
   <subfield code="a">Oxford, United Kingdom: </subfield>
   <subfield code="b">Oxford University Press, </subfield>
   <subfield code="c">2015.</subfield>
  </datafield>
  <datafield tag="300" ind1=" " ind2=" ">
   <subfield code="a">1 CD-ROM; </subfield>
   <subfield code="c">4.5 inch.</subfield>
  </datafield>
  <datafield tag="440" ind1="0" ind2="0">
   <subfield code="a">Cambridge International Examinations</subfield>
  </datafield>
  <datafield tag="500" ind1="0" ind2="0">
   <subfield code="a">CD-ROM for Windows and Mac OSX</subfield>
  </datafield>
  <datafield tag="500" ind1="0" ind2="0">
   <subfield code="a">To accompany book titled &quot;Business for Cambridge International AS and A Level / Peter Joyce, Sandra Harrison and David Milner&quot;</subfield>
  </datafield>
  <datafield tag="501" ind1="0" ind2="0">
   <subfield code="a">A-Level</subfield>
  </datafield>
  <datafield tag="650" ind1="0" ind2="0">
   <subfield code="a">Business education </subfield>
  </datafield>
  <datafield tag="700" ind1="1" ind2="0">
   <subfield code="a">Harrison, Sandra </subfield>
  </datafield>
  <datafield tag="700" ind1="1" ind2="0">
   <subfield code="a">Milner, David </subfield>
  </datafield>
  <datafield tag="901" ind1=" " ind2=" ">
   <subfield code="u">http://www.oxfordsecondary.com/cambridge</subfield>
  </datafield>
 </record>
</collection>
